[Event "Sao Paulo Freitas op 2nd"]
[Site "Sao Paulo"]
[Date "2016.04.17"]
[Round "5"]
[White "Auriemo, Danielle Ferreira"]
[Black "Paes De Camargo, Arildo"]
[Result "1-0"]
[WhiteElo "1640"]
[BlackElo "1723"]
[PlyCount "125"]
[EventDate "2016.04.15"]
[EventType "swiss"]
[EventRounds "6"]
[EventCountry "BRA"]
[SourceTitle "CBM 171 Extra"]
[Source "ChessBase"]
[SourceDate "2016.04.26"]
[SourceVersion "1"]
[SourceVersionDate "2016.04.26"]
[SourceQuality "1"]

1. e4 c5 2. Nf3 e6 3. c3 a6 4. d4 cxd4 5. cxd4 b5 6. Bd3 Bb7 7. 0-0 Nf6 8. Re1 Be7 9. e5 Nd5 10. Nc3 Bb4 11. Bd2 Bxc3 12. bxc3 Nc6 13. c4 bxc4 14. Bxc4 Nce7 15. Bd3 Rc8 16. Rb1 Bc6 17. Bxa6 Rb8 18. Bc4 0-0 19. Qe2 Ng6 20. Rbc1 Ndf4 21. Bxf4 Nxf4 22. Qe3 Nd5 23. Bxd5 Bxd5 24. a3 Rc8 25. Rxc8 Qxc8 26. Rc1 Qb7 27. Ne1 h6 28. f3 f6 29. Rc3 f5 30. f4 Rb8 31. h3 Qa7 32. Kh2 Qb7 33. Qg3 Kf7 34. Nc2 Rc8 35. Rxc8 Qxc8 36. Nb4 Be4 37. Qe3 Qa8 38. g4 fxg4 39. hxg4 Bg6 40. Nc2 Qa6 41. Nb4 Qc8 42. d5 Qc4 43. dxe6+ dxe6 44. Kg3 Qe4 45. Qxe4 Bxe4 46. Na6 g6 47. Nc5 Bd5 48. a4 Ke7 49. Kh4 Kf8 50. a5 Bc6 51. a6 Ke7 52. a7 Ba8 53. Na4 Kd8 54. Nb6 Bb7 55. a8Q+ Bxa8 56. Nxa8 Ke7 57. Nb6 Kf7 58. Nd7 Ke7 59. Nf6 Kf7 60. g5 hxg5+ 61. Kxg5 Kg7 62. Ne8+ Kf7 63. Nc7 1-0

[Event "Sao Paulo Freitas op 2nd"]
[Site "Sao Paulo"]
[Date "2016.04.15"]
[Round "2"]
[White "Paes De Camargo, Arildo"]
[Black "Cardoso, Julia Aguiar Vieira"]
[Result "1-0"]
[WhiteElo "1723"]
[BlackElo "1743"]
[PlyCount "64"]
[EventDate "2016.04.15"]
[EventType "swiss"]
[EventRounds "6"]
[EventCountry "BRA"]
[SourceTitle "CBM 171 Extra"]
[Source "ChessBase"]
[SourceDate "2016.04.26"]
[SourceVersion "1"]
[SourceVersionDate "2016.04.26"]
[SourceQuality "1"]

1. d4 c5 2. d5 e5 3. dxe6 fxe6 4. c4 Nf6 5. Nc3 Be7 6. e4 e5 7. Nf3 d6 8. Bg5 Be6 9. Qc2 0-0 10. Rd1 Nc6 11. Be3 Qa5 12. Bd2 a6 13. a3 Rab8 14. Nd5 Qd8 15. Nxe7+ Qxe7 16. Bg5 h6 17. Bh4 b5 18. b3 b4 19. a4 Bg4 20. Be2 g5 21. Bg3 Nh5 22. Qd3 Bxf3 23. Bxf3 Nxg3 24. hxg3 Nd4 25. Rxh6 Kg7 26. Rh3 Qf6 27. g4 Qf4 28. Qd2 Rh8 29. Qxf4 exf4 30. Rh5 Kg6 31. Rd3 Rbe8 32. Kd2 Re6 1-0